[Event "Ortisei Server24 op-B 2nd"]
[Site "Ortisei"]
[Date "2013.06.09"]
[Round "9"]
[White "Tomio, Dante"]
[Black "Gurschler, Thomas"]
[Result "1/2-1/2"]
[WhiteElo "1849"]
[BlackElo "1778"]
[PlyCount "26"]
[EventDate "2013.06.01"]
[EventType "swiss"]
[EventRounds "9"]
[EventCountry "ITA"]
[SourceTitle "EXT 2024"]
[Source "ChessBase"]
[SourceDate "2023.10.10"]
[SourceVersion "1"]
[SourceVersionDate "2023.10.10"]
[SourceQuality "1"]

1. d4 g6 2. c4 Bg7 3. Nc3 d6 4. e4 Nc6 5. Be3 e5 6. d5 Nce7 7. Bd3 f5 8. f3 Nf6 9. Qd2 0-0 10. Bh6 fxe4 11. Nxe4 Nxe4 12. Bxe4 Bf5 13. Bxg7 Kxg7 1/2-1/2